000
00298nam a2200121Ia 4500
008
240624s9999 xx 000 0 und d
041
_a
eng
082
_a
425 MAR
100
_a
MARKS JON
245
_a
CHECK YOUR ENGLISH VOCABULARY FOR BANKIN
260
_c
2012
_a
London
_b
Bloomsbury
365
_c
_b
38
999
_c
29238
_d
29238